[Event "Ruhrgebiet Verbandsliga Gruppe 2 1819"]
[Site "Nordrheinwestfalen"]
[Date "2019.03.24"]
[Round "8.3"]
[White "Garbuz, Vitaliy"]
[Black "Goralski, Christian"]
[Result "1/2-1/2"]
[WhiteElo "2062"]
[BlackElo "1967"]
[PlyCount "59"]
[EventDate "2018.09.23"]
[EventType "team-tourn"]
[EventRounds "9"]
[EventCountry "GER"]
[SourceTitle "EXT 2022"]
[Source "ChessBase"]
[SourceDate "2021.10.06"]
[SourceVersion "1"]
[SourceVersionDate "2021.10.06"]
[SourceQuality "1"]
[WhiteTeam "Brackel SF III"]
[BlackTeam "Bochum SV II"]
[WhiteTeamCountry "GER"]
[BlackTeamCountry "GER"]

1. e4 d5 2. exd5 Nf6 3. d4 Bg4 4. Nf3 Qxd5 5. Be2 Nc6 6. c4 Qf5 7. 0-0 e5 8. dxe5 Nd7 9. e6 fxe6 10. h3 Bxf3 11. Bxf3 Nde5 12. Bxc6+ Nxc6 13. Be3 Bd6 14. Nc3 a6 15. Qb3 0-0-0 16. c5 Be5 17. Rad1 Bd4 18. Ne2 Bxe3 19. Qxe3 e5 20. Ng3 Qc2 21. Qe2 Qxc5 22. Qg4+ Kb8 23. Rxd8+ Rxd8 24. Qxg7 Qc2 25. Re1 Rd2 26. Ne4 Re2 27. Rxe2 Qxe2 28. Qf8+ Ka7 29. Qc5+ Kb8 30. Qf8+ 1/2-1/2

[Event "Ruhrgebiet Verbandsliga Gruppe 2 1819"]
[Site "Nordrheinwestfalen"]
[Date "2018.10.07"]
[Round "2.6"]
[White "Goralski, Christian"]
[Black "Hajra, Hetem"]
[Result "1-0"]
[WhiteElo "1967"]
[BlackElo "1937"]
[PlyCount "77"]
[EventDate "2018.09.23"]
[EventType "team-tourn"]
[EventRounds "9"]
[EventCountry "GER"]
[SourceTitle "EXT 2022"]
[Source "ChessBase"]
[SourceDate "2021.10.06"]
[SourceVersion "1"]
[SourceVersionDate "2021.10.06"]
[SourceQuality "1"]
[WhiteTeam "Bochum SV II"]
[BlackTeam "Recklinghausen Sued"]
[WhiteTeamCountry "GER"]
[BlackTeamCountry "GER"]

1. e4 d5 2. exd5 Qxd5 3. Nc3 Qa5 4. d4 c6 5. Bc4 Nf6 6. Nf3 Bf5 7. Bd2 Qc7 8. Ne5 e6 9. Bf4 Bd6 10. Qe2 Nbd7 11. 0-0 0-0 12. Rfe1 Nd5 13. Bg3 Bxe5 14. dxe5 Nxc3 15. bxc3 Qa5 16. Rad1 Nb6 17. Bd3 Qxa2 18. Bxf5 exf5 19. Qd3 Qe6 20. Bh4 h6 21. f4 Nd5 22. Qg3 Qg6 23. c4 Qxg3 24. hxg3 Nc3 25. Rd7 b5 26. Be7 Rfc8 27. Re3 Ne4 28. g4 g6 29. gxf5 gxf5 30. g4 Kh7 31. gxf5 Rg8+ 32. Kh2 Nf2 33. Rg3 a5 34. e6 Ne4 35. Re3 Nf2 36. Re2 Ng4+ 37. Kh3 Rg7 38. f6 Rg6 39. exf7 1-0

[Event "Ruhrgebiet Verbandsliga Gruppe 2 1819"]
[Site "Nordrheinwestfalen"]
[Date "2018.09.23"]
[Round "1.7"]
[White "Kantor, Daniel"]
[Black "Goralski, Christian"]
[Result "0-1"]
[WhiteElo "1888"]
[BlackElo "1967"]
[PlyCount "62"]
[EventDate "2018.09.23"]
[EventType "team-tourn"]
[EventRounds "9"]
[EventCountry "GER"]
[SourceTitle "EXT 2022"]
[Source "ChessBase"]
[SourceDate "2021.10.06"]
[SourceVersion "1"]
[SourceVersionDate "2021.10.06"]
[SourceQuality "1"]
[WhiteTeam "Dortmund SV"]
[BlackTeam "Bochum SV II"]
[WhiteTeamCountry "GER"]
[BlackTeamCountry "GER"]

1. e4 d5 2. exd5 Nf6 3. d4 Bg4 4. Be2 Bxe2 5. Nxe2 Qxd5 6. 0-0 Nc6 7. Nbc3 Qf5 8. Ng3 Qg6 9. Be3 0-0-0 10. Nce2 e5 11. c3 h5 12. h4 Nd5 13. Qb3 Qg4 14. Bg5 f6 15. f3 Qd7 16. Bd2 Na5 17. Qc2 Nc4 18. Kf2 g5 19. hxg5 h4 20. Ne4 f5 21. Nf6 Nxf6 22. gxf6 Nxd2 23. Qxd2 Bh6 24. Qc2 Qe6 25. Rae1 Be3+ 26. Kxe3 exd4+ 27. Kf4 Qe3+ 28. Kxf5 Rd5+ 29. Kg4 Qe6+ 30. Kf4 Qxf6+ 31. Kg4 Qe6+ 0-1

[Event "Oberliga NRW 1718"]
[Site "Germany"]
[Date "2018.04.29"]
[Round "9.8"]
[White "Thiemonds, Uli"]
[Black "Goralski, Christian"]
[Result "1/2-1/2"]
[WhiteElo "2046"]
[BlackElo "1979"]
[PlyCount "139"]
[EventDate "2017.09.17"]
[EventType "team-tourn"]
[EventRounds "9"]
[EventCountry "GER"]
[SourceTitle "EXT 2019"]
[Source "ChessBase"]
[SourceDate "2018.10.10"]
[SourceVersion "1"]
[SourceVersionDate "2018.10.10"]
[SourceQuality "1"]
[WhiteTeam "Koeln Porz II"]
[BlackTeam "Bochum SV"]
[WhiteTeamCountry "GER"]
[BlackTeamCountry "GER"]

1. e4 d5 2. exd5 Nf6 3. d4 Bg4 4. Be2 Bxe2 5. Qxe2 Qxd5 6. Nf3 e6 7. 0-0 Bd6 8. c4 Qh5 9. Nc3 Nc6 10. Rd1 0-0-0 11. c5 Be7 12. a3 Rhg8 13. Be3 g5 14. b4 g4 15. Ne1 Nd5 16. Nxd5 Rxd5 17. b5 Nd8 18. Nd3 g3 19. Qxh5 gxf2+ 20. Bxf2 Rxh5 21. Rf1 Rg4 22. Be3 Bg5 23. Nf4 Rh6 24. Rf3 Rf6 25. Raf1 Rf5 26. g3 Bh6 27. Kg2 Rg8 28. h4 b6 29. Rc1 Bf8 30. Kh3 h5 31. cxb6 axb6 32. a4 Bd6 33. Rcf1 Kd7 34. Ne2 Rxf3 35. Rxf3 f5 36. Nf4 Bxf4 37. Bxf4 Nf7 38. Rc3 Nd6 39. Kg2 Ra8 40. Bxd6 Kxd6 41. Rc6+ Kd5 42. Rxc7 Kxd4 43. Rc6 e5 44. Rxb6 Rxa4 45. Rf6 Ke4 46. b6 Rb4 47. Kf2 Rb2+ 48. Kf1 f4 49. gxf4 exf4 50. Kg1 Kf3 51. Rg6 Rb1+ 52. Kh2 Ke3 53. Rc6 Rb2+ 54. Kh3 f3 55. Kg3 Rg2+ 56. Kh3 Rb2 57. Kg3 f2 58. Kg2 Ke2 59. Re6+ Kd1 60. Kf1 Rb4 61. Kxf2 Rxh4 62. Ke3 Rb4 63. Kd3 h4 64. Rg6 Ke1 65. Kc3 Rb5 66. Kc4 Rb2 67. Kc5 h3 68. Rh6 h2 69. b7 Rxb7 70. Rxh2 1/2-1/2

[Event "Ruhrgebiet Verbandsklasse Gruppe 2 1617"]
[Site "Germany"]
[Date "2016.09.25"]
[Round "2.5"]
[White "Koprek, Juergen"]
[Black "Goralski, Christian"]
[Result "0-1"]
[WhiteElo "1891"]
[BlackElo "1990"]
[PlyCount "52"]
[EventDate "2016.09.04"]
[EventType "team-tourn"]
[EventRounds "9"]
[EventCountry "GER"]
[SourceTitle "EXT 2022"]
[Source "ChessBase"]
[SourceDate "2021.10.06"]
[SourceVersion "1"]
[SourceVersionDate "2021.10.06"]
[SourceQuality "1"]
[WhiteTeam "Ruettenscheid Rochade"]
[BlackTeam "Bochum SV II"]
[WhiteTeamCountry "GER"]
[BlackTeamCountry "GER"]

1. d4 d5 2. e3 c5 3. c3 Nc6 4. f4 Qb6 5. Bd3 Nh6 6. Nf3 Bf5 7. 0-0 g6 8. a4 c4 9. Bc2 Bg7 10. Qe2 0-0 11. Kh1 Bxc2 12. Qxc2 Na5 13. Ne5 Rad8 14. Nd2 f6 15. Nef3 Ng4 16. Nb1 Qe6 17. h3 Nb3 18. Ra3 Nh6 19. Re1 Qf5 20. Qxf5 Nxf5 21. Bd2 e5 22. g4 Ng3+ 23. Kg2 Ne4 24. Bc1 exf4 25. exf4 Rfe8 26. Nbd2 Nxc1 0-1

[Event "Ruhrgebiet Verbandsklasse Gruppe 3 1516"]
[Site "Germany"]
[Date "2016.04.24"]
[Round "9.2"]
[White "Kordonowski, Frank"]
[Black "Goralski, Christian"]
[Result "1-0"]
[WhiteElo "1970"]
[BlackElo "1986"]
[PlyCount "51"]
[EventDate "2015.09.06"]
[EventType "team-tourn"]
[EventRounds "9"]
[EventCountry "GER"]
[SourceTitle "EXT 2022"]
[Source "ChessBase"]
[SourceDate "2021.10.06"]
[SourceVersion "1"]
[SourceVersionDate "2021.10.06"]
[SourceQuality "1"]
[WhiteTeam "Altenessen"]
[BlackTeam "Bochum SV II"]
[WhiteTeamCountry "GER"]
[BlackTeamCountry "GER"]

1. c4 e5 2. Nc3 Nc6 3. e3 f5 4. a3 Nf6 5. b4 e4 6. d4 exd3 7. Bxd3 d6 8. Nf3 Ne5 9. Be2 Be7 10. Bb2 0-0 11. Qb3 Qe8 12. 0-0 Be6 13. Nd4 Qf7 14. Nxe6 Qxe6 15. Nb5 Ne8 16. Nd4 Qf7 17. f4 Nd7 18. Bf3 c6 19. a4 Nc7 20. a5 a6 21. Rad1 Rad8 22. Kh1 Nb8 23. g4 fxg4 24. Bxg4 Nd7 25. Rg1 Ne8 26. Be6 1-0

[Event "Ruhrgebiet Regionalliga 1415"]
[Site "Germany"]
[Date "2015.04.12"]
[Round "8.6"]
[White "Goralski, Christian"]
[Black "Graw, Christopher"]
[Result "0-1"]
[WhiteElo "2082"]
[BlackElo "2172"]
[PlyCount "60"]
[EventDate "2014.09.28"]
[EventType "team-tourn"]
[EventRounds "9"]
[EventCountry "GER"]
[SourceTitle "EXT 2022"]
[Source "ChessBase"]
[SourceDate "2021.10.06"]
[SourceVersion "1"]
[SourceVersionDate "2021.10.06"]
[SourceQuality "1"]
[WhiteTeam "Bochum SV II"]
[BlackTeam "Herne Sodingen"]
[WhiteTeamCountry "GER"]
[BlackTeamCountry "GER"]

1. e4 c5 2. c3 b6 3. d4 Bb7 4. Bd3 cxd4 5. cxd4 Nc6 6. Nf3 Nb4 7. Bc4 Qc8 8. Qb3 e6 9. a3 b5 10. axb4 bxc4 11. Qe3 Bxb4+ 12. Bd2 a5 13. Nc3 Nf6 14. e5 Nd5 15. Qg5 0-0 16. Ne4 f5 17. Nc3 Qe8 18. Nxd5 Bxd5 19. Bc3 h6 20. Qd2 Qg6 21. Kf1 Rfb8 22. h4 Bxc3 23. bxc3 f4 24. Ne1 Rb1 25. Rxb1 Qxb1 26. Qxf4 a4 27. Rh3 Rf8 28. Qd2 a3 29. Rg3 a2 30. Qxh6 Rf7 0-1

[Event "Ruhrgebiet Regionalliga 1415"]
[Site "Germany"]
[Date "2014.12.21"]
[Round "4.5"]
[White "Bobzin, Pierre David"]
[Black "Goralski, Christian"]
[Result "1-0"]
[WhiteElo "2068"]
[BlackElo "2082"]
[PlyCount "91"]
[EventDate "2014.09.28"]
[EventType "team-tourn"]
[EventRounds "9"]
[EventCountry "GER"]
[SourceTitle "EXT 2022"]
[Source "ChessBase"]
[SourceDate "2021.10.06"]
[SourceVersion "1"]
[SourceVersionDate "2021.10.06"]
[SourceQuality "1"]
[WhiteTeam "Holsterhausen SK"]
[BlackTeam "Bochum SV II"]
[WhiteTeamCountry "GER"]
[BlackTeamCountry "GER"]

1. Nf3 d5 2. g3 Bg4 3. Bg2 Nd7 4. d3 e6 5. 0-0 Bd6 6. Nbd2 Ne7 7. h3 Bh5 8. e4 0-0 9. Qe1 c6 10. Nh2 e5 11. f4 f5 12. g4 fxg4 13. hxg4 Bf7 14. f5 Qa5 15. Nb3 Qxe1 16. Rxe1 a5 17. Bg5 a4 18. Nc1 a3 19. b3 d4 20. Ne2 Nc8 21. Rf1 Na7 22. Bd2 Nb5 23. Bh3 Nc5 24. Nf3 Kh8 25. Kg2 Na6 26. Kg3 Rae8 27. g5 g6 28. Rh1 Kg8 29. Bg4 Bb4 30. Rh6 Bxd2 31. Nxd2 Kg7 32. f6+ Kh8 33. Rah1 Bg8 34. Rxg6 Nb4 35. Rg7 Rf7 36. Bh5 Ref8 37. Bxf7 Rxf7 38. Rhxh7+ Bxh7 39. Rxf7 Kg8 40. Rg7+ Kh8 41. Nc4 Nxa2 42. Nxe5 Nd6 43. g6 Bg8 44. Nf7+ Nxf7 45. gxf7 Bxf7 46. Rxf7 1-0

[Event "BL2-West 1415"]
[Site "Germany"]
[Date "2014.12.07"]
[Round "4.8"]
[White "Serbu, Eli"]
[Black "Goralski, Christian"]
[Result "0-1"]
[WhiteElo "2150"]
[BlackElo "2142"]
[PlyCount "44"]
[EventDate "2014.09.21"]
[EventType "team-tourn"]
[EventRounds "9"]
[EventCountry "GER"]
[SourceTitle "CBM 166 Extra"]
[Source "ChessBase"]
[SourceDate "2015.06.18"]
[SourceVersion "1"]
[SourceVersionDate "2015.06.18"]
[SourceQuality "1"]
[WhiteTeam "Wiesbaden"]
[BlackTeam "Bochum SV"]
[WhiteTeamCountry "GER"]
[BlackTeamCountry "GER"]

1. e4 d5 2. exd5 Nf6 3. d4 Bg4 4. Nf3 Qxd5 5. Be2 Nc6 6. h3 Bxf3 7. Bxf3 Qd7 8. 0-0 0-0-0 9. c3 e5 10. dxe5 Nxe5 11. Nd2 Bc5 12. b4 Bb6 13. a4 c6 14. Qb3 Qd3 15. b5 Nxf3+ 16. Nxf3 Ne4 17. Ba3 Qxc3 18. Qa2 Nd2 19. Nxd2 Rxd2 20. Qxf7 Rxf2 21. Qe6+ Kb8 22. Kh1 Rxf1+ 0-1

[Event "Ruhrgebiet Regionalliga 1415"]
[Site "Germany"]
[Date "2014.10.26"]
[Round "2"]
[White "Goralski, Christian"]
[Black "Lang, Daniel"]
[Result "1-0"]
[WhiteElo "2082"]
[BlackElo "1948"]
[PlyCount "71"]
[EventDate "2014.09.28"]
[EventType "team-tourn"]
[EventRounds "9"]
[EventCountry "GER"]
[SourceTitle "EXT 2022"]
[Source "ChessBase"]
[SourceDate "2021.10.06"]
[SourceVersion "1"]
[SourceVersionDate "2021.10.06"]
[SourceQuality "1"]
[WhiteTeam "Bochum SV II"]
[BlackTeam "Wattenscheid SV II"]
[WhiteTeamCountry "GER"]
[BlackTeamCountry "GER"]

1. e4 c5 2. c3 Nf6 3. e5 Nd5 4. d4 cxd4 5. cxd4 d6 6. Nf3 Nc6 7. Bc4 Nb6 8. Bb5 e6 9. 0-0 Bd7 10. Qe2 a6 11. Bd3 Nb4 12. Nc3 Nxd3 13. Qxd3 d5 14. a4 Be7 15. b3 0-0 16. Bb2 Nc8 17. Rfc1 Na7 18. Ba3 Bxa3 19. Rxa3 Nc6 20. Raa1 Rc8 21. Na2 Qb6 22. Rab1 Nb4 23. Nxb4 Qxb4 24. Qd2 Rxc1+ 25. Qxc1 Rc8 26. Qd2 Rc3 27. Ne1 a5 28. Nc2 Rxc2 29. Qxc2 h6 30. Rd1 b5 31. axb5 Bxb5 32. Ra1 Qxd4 33. Rxa5 Bd3 34. Ra8+ Kh7 35. Qd2 g6 36. Ra4 1-0

[Event "Ruhrgebiet Regionalliga 1314"]
[Site "Ruhrgebiet"]
[Date "2014.03.02"]
[Round "7.7"]
[White "Matzat, Andre"]
[Black "Goralski, Christian"]
[Result "1-0"]
[WhiteElo "2000"]
[BlackElo "2074"]
[PlyCount "115"]
[EventDate "2013.09.22"]
[EventType "team-tourn"]
[EventRounds "9"]
[EventCountry "GER"]
[SourceTitle "EXT 2024"]
[Source "ChessBase"]
[SourceDate "2023.10.10"]
[SourceVersion "1"]
[SourceVersionDate "2023.10.10"]
[SourceQuality "1"]
[WhiteTeam "Borbeck Weisse Dame"]
[BlackTeam "Bochum II"]
[WhiteTeamCountry "GER"]
[BlackTeamCountry "GER"]

1. d4 d5 2. Bf4 c5 3. e3 Nc6 4. c3 Qb6 5. Qb3 c4 6. Qc2 e5 7. dxe5 Bf5 8. Qc1 g5 9. Bxg5 Nxe5 10. Nd2 Bc5 11. Ndf3 Nd3+ 12. Bxd3 Bxd3 13. Nh3 h6 14. Bh4 Nf6 15. Nf4 Be4 16. b4 cxb3 17. axb3 Rg8 18. Qd2 Rd8 19. b4 Be7 20. Qd4 Qxd4 21. Nxd4 a6 22. f3 Bh7 23. Kf2 Ng4+ 24. fxg4 Bxh4+ 25. g3 Bf6 26. h3 Be4 27. Rhc1 Rc8 28. Ra5 Bd8 29. Ra3 Be7 30. Nf5 Bxb4 31. Rb3 Bc5 32. Rxb7 d4 33. cxd4 Bxb7 34. dxc5 Kf8 35. Nd6 Rc7 36. Nxb7 Rxb7 37. Nd5 Kg7 38. c6 Rbb8 39. c7 Rbe8 40. Rc6 Ra8 41. Nb6 Rac8 42. Nxc8 Rxc8 43. Kf3 Kf8 44. Rxh6 Rxc7 45. Rxa6 Kg7 46. g5 Rc5 47. h4 Rb5 48. Kf4 Rc5 49. e4 Rc1 50. h5 Rf1+ 51. Kg4 Re1 52. h6+ Kh7 53. Kf4 Rf1+ 54. Ke5 Rg1 55. Rf6 Rxg3 56. Rxf7+ Kg6 57. Rg7+ Kh5 58. h7 1-0

[Event "Ruhrgebiet Regionalliga 1314"]
[Site "Ruhrgebiet"]
[Date "2013.10.20"]
[Round "2.7"]
[White "Koehn, Peter"]
[Black "Goralski, Christian"]
[Result "1-0"]
[WhiteElo "2199"]
[BlackElo "2074"]
[PlyCount "57"]
[EventDate "2013.09.22"]
[EventType "team-tourn"]
[EventRounds "9"]
[EventCountry "GER"]
[SourceTitle "EXT 2024"]
[Source "ChessBase"]
[SourceDate "2023.10.10"]
[SourceVersion "1"]
[SourceVersionDate "2023.10.10"]
[SourceQuality "1"]
[WhiteTeam "Wattenscheid III"]
[BlackTeam "Bochum II"]
[WhiteTeamCountry "GER"]
[BlackTeamCountry "GER"]

1. c4 e5 2. g3 Nc6 3. Nc3 f5 4. Nf3 Nf6 5. d4 e4 6. Nh4 d6 7. Bh3 g6 8. Bg5 Be7 9. Qd2 Ng8 10. Bxe7 Ngxe7 11. f3 e3 12. Qd3 Nb4 13. Qd1 g5 14. Nxf5 Nxf5 15. Bxf5 Bxf5 16. Qa4+ Nc6 17. d5 Bd7 18. dxc6 Bxc6 19. Qb3 0-0 20. 0-0 Qe7 21. Rad1 Rae8 22. Rd3 g4 23. f4 Rf6 24. Nd5 Bxd5 25. cxd5 b6 26. Rc1 Rf5 27. Qa4 a5 28. Rxc7 Qe4 29. Qd7 1-0

[Event "Ruhrgebiet Verbandsliga1 1213"]
[Site "Nordrheinwestfalen"]
[Date "2013.04.07"]
[Round "8.5"]
[White "Gitschel, Ralf"]
[Black "Goralski, Christian"]
[Result "0-1"]
[WhiteElo "1875"]
[BlackElo "2058"]
[PlyCount "86"]
[EventDate "2012.09.02"]
[EventType "team-tourn"]
[EventRounds "9"]
[EventCountry "GER"]
[SourceTitle "EXT 2020"]
[Source "ChessBase"]
[SourceDate "2019.10.17"]
[SourceVersion "1"]
[SourceVersionDate "2019.10.17"]
[SourceQuality "1"]
[WhiteTeam "Eichlinghofen SV"]
[BlackTeam "Bochum SV II"]
[WhiteTeamCountry "GER"]
[BlackTeamCountry "GER"]

1. e4 d5 2. exd5 Nf6 3. d4 Bg4 4. Be2 Bxe2 5. Nxe2 Qxd5 6. 0-0 Nc6 7. c4 Qxc4 8. b3 Qd5 9. Nbc3 Qh5 10. Bf4 0-0-0 11. Qc1 Nd5 12. Nxd5 Rxd5 13. Qc4 e6 14. Rac1 Bd6 15. Rfd1 Rd8 16. Bxd6 R5xd6 17. b4 Qd5 18. Qc2 Qb5 19. a3 Qb6 20. Qxh7 Nxd4 21. Nxd4 Rxd4 22. Rxd4 Qxd4 23. Qc2 Rd7 24. g3 Qd2 25. Qc5 Kb8 26. Rf1 Qd6 27. Qc3 Qd4 28. Qc2 g6 29. b5 Qd3 30. Qb2 Qd4 31. Qc2 Rd5 32. Rc1 Qb6 33. a4 Qd6 34. Qe2 Rd2 35. Qf3 f5 36. Re1 e5 37. Qc3 Rd4 38. Qb3 b6 39. Qg8+ Kb7 40. Qe8 e4 41. Kg2 Rd2 42. Rc1 Rxf2+ 43. Kh3 Rxh2+ 0-1

[Event "Ruhrgebiet Verbandsliga2 1112"]
[Site "Nordrheinwestfalen"]
[Date "2011.11.13"]
[Round "3.4"]
[White "Schlaap, Ralf"]
[Black "Goralski, Christian"]
[Result "1/2-1/2"]
[WhiteElo "2183"]
[BlackElo "2076"]
[PlyCount "73"]
[EventDate "2011.09.18"]
[EventType "team-tourn"]
[EventRounds "9"]
[EventCountry "GER"]
[SourceTitle "EXT 2020"]
[Source "ChessBase"]
[SourceDate "2019.10.17"]
[SourceVersion "1"]
[SourceVersionDate "2019.10.17"]
[SourceQuality "1"]
[WhiteTeam "Hamm SVg"]
[BlackTeam "Bochum SV II"]
[WhiteTeamCountry "GER"]
[BlackTeamCountry "GER"]

1. d4 d5 2. c4 dxc4 3. Nf3 Nf6 4. e3 e6 5. Bxc4 a6 6. 0-0 b5 7. Bd3 Bb7 8. Qe2 Nbd7 9. Rd1 c5 10. dxc5 Bxc5 11. a3 Qb8 12. b4 Bd6 13. h3 0-0 14. Bb2 Ne5 15. Nxe5 Bxe5 16. Nc3 Rd8 17. Rac1 Nd5 18. Ne4 Bxb2 19. Qxb2 Nb6 20. Nc5 Bd5 21. Qc2 h6 22. Qc3 Nd7 23. Nxd7 Rxd7 24. Be4 Qb7 25. Bxd5 Rxd5 26. Rxd5 Qxd5 27. Qc6 Qxc6 28. Rxc6 Ra7 29. e4 Kf8 30. f4 a5 31. Rb6 axb4 32. axb4 Rd7 33. Rxb5 Rd4 34. Kf2 Rxe4 35. Kf3 f5 36. Rb7 g5 37. g3 1/2-1/2

[Event "Ruhrgebiet VK2 0910"]
[Site "Ruhrgebiet"]
[Date "2010.02.21"]
[Round "7.1"]
[White "Martin, Andreas"]
[Black "Goralski, Christian"]
[Result "1/2-1/2"]
[WhiteElo "2244"]
[BlackElo "2164"]
[PlyCount "60"]
[EventDate "2009.09.06"]
[EventType "team"]
[EventRounds "9"]
[EventCountry "GER"]
[SourceTitle "EXT 2011"]
[Source "ChessBase"]
[SourceDate "2010.11.26"]
[SourceVersion "1"]
[SourceVersionDate "2010.11.26"]
[SourceQuality "1"]
[WhiteTeam "Muelheim"]
[BlackTeam "Bochum SV II"]
[WhiteTeamCountry "GER"]
[BlackTeamCountry "GER"]

1. d4 d5 2. c4 dxc4 3. Nf3 Nf6 4. Nc3 e6 5. e3 a6 6. Bxc4 b5 7. Bd3 Bb7 8. 0-0 c5 9. a3 Nbd7 10. Qe2 Bd6 11. Rd1 Qb8 12. h3 0-0 13. e4 cxd4 14. Nxd4 Bh2+ 15. Kh1 Be5 16. Bc2 Qc7 17. Be3 Rac8 18. Rf1 Bxd4 19. Bxd4 e5 20. Be3 Nc5 21. Bg5 Qc6 22. Bxf6 Qxf6 23. Qe3 Ne6 24. Rad1 Nd4 25. Bb1 g5 26. Ba2 Qf4 27. Bd5 Bc6 28. Bxc6 Qxe3 29. fxe3 Nxc6 30. Rf5 h6 1/2-1/2

[Event "Ruhrgebiet VK2 0910"]
[Site "Ruhrgebiet"]
[Date "2009.12.06"]
[Round "4.2"]
[White "Goralski, Christian"]
[Black "Cavasin, Joerg"]
[Result "1-0"]
[WhiteElo "2164"]
[BlackElo "1941"]
[PlyCount "51"]
[EventDate "2009.09.06"]
[EventType "team"]
[EventRounds "9"]
[EventCountry "GER"]
[SourceTitle "EXT 2011"]
[Source "ChessBase"]
[SourceDate "2010.11.26"]
[SourceVersion "1"]
[SourceVersionDate "2010.11.26"]
[SourceQuality "1"]
[WhiteTeam "Bochum SV II"]
[BlackTeam "Altenessen"]
[WhiteTeamCountry "GER"]
[BlackTeamCountry "GER"]

1. e4 c5 2. c3 d5 3. exd5 Qxd5 4. d4 Nc6 5. Nf3 Bg4 6. Be2 e6 7. Be3 0-0-0 8. 0-0 Nf6 9. Qa4 cxd4 10. cxd4 Bd6 11. Rc1 Bc7 12. Rc5 Qd6 13. Nbd2 Bxf3 14. Nxf3 Nd7 15. Rc2 Nb6 16. Qb5 Nd5 17. Rac1 Nde7 18. Ne5 Rdf8 19. Bf3 f6 20. Nxc6 bxc6 21. Bxc6 Qxh2+ 22. Kf1 Nf5 23. Bb7+ Kd8 24. Rxc7 Qh1+ 25. Ke2 Qh5+ 26. Kd2 1-0

[Event "Ruhrgebiet VK2 0910"]
[Site "Ruhrgebiet"]
[Date "2009.11.08"]
[Round "3.2"]
[White "Tiefenhoff, Christian"]
[Black "Goralski, Christian"]
[Result "1/2-1/2"]
[WhiteElo "2016"]
[BlackElo "2164"]
[PlyCount "29"]
[EventDate "2009.09.06"]
[EventType "team"]
[EventRounds "9"]
[EventCountry "GER"]
[SourceTitle "EXT 2011"]
[Source "ChessBase"]
[SourceDate "2010.11.26"]
[SourceVersion "1"]
[SourceVersionDate "2010.11.26"]
[SourceQuality "1"]
[WhiteTeam "Germania Kupferdreh"]
[BlackTeam "Bochum SV II"]
[WhiteTeamCountry "GER"]
[BlackTeamCountry "GER"]

1. d4 d5 2. Nf3 Nf6 3. Nbd2 e6 4. e3 Be7 5. Bd3 b6 6. e4 dxe4 7. Nxe4 Bb7 8. Nxf6+ Bxf6 9. c3 0-0 10. 0-0 Nd7 11. Bf4 Re8 12. Qe2 Bxf3 13. Qxf3 e5 14. dxe5 Nxe5 15. Bxe5 1/2-1/2

[Event "NRW Class2 0708"]
[Site "Germany"]
[Date "2008.03.02"]
[Round "7.8"]
[White "Goralski, Christian"]
[Black "Langers, Alexander"]
[Result "1/2-1/2"]
[WhiteElo "2153"]
[BlackElo "2160"]
[PlyCount "42"]
[EventDate "2007.09.16"]
[EventType "team"]
[EventRounds "9"]
[EventCountry "GER"]
[SourceTitle "EXT 2009"]
[Source "ChessBase"]
[SourceDate "2008.11.26"]
[SourceVersion "1"]
[SourceVersionDate "2008.11.26"]
[SourceQuality "1"]
[WhiteTeam "Bochum II"]
[BlackTeam "Sodingen"]
[WhiteTeamCountry "GER"]
[BlackTeamCountry "GER"]

1. e4 c5 2. c3 d5 3. exd5 Qxd5 4. d4 Nf6 5. Nf3 Bg4 6. Qa4+ Nc6 7. Bc4 Qd7 8. Nbd2 cxd4 9. 0-0 dxc3 10. bxc3 e6 11. Bb5 Bxf3 12. Nxf3 Bd6 13. Rd1 Qc7 14. Rxd6 Qxd6 15. Ba3 Qc7 16. Ne5 Rc8 17. Nc4 Rd8 18. Na5 Rc8 19. Nc4 Rd8 20. Na5 Rc8 21. Nc4 Rd8 1/2-1/2

[Event "PAL/CSS Freestyle op 4th"]
[Site "Playchess.com INT"]
[Date "2006.09.15"]
[Round "2"]
[White "Alexisco"]
[Black "Goralski, Christian"]
[Result "1-0"]
[WhiteElo "2525"]
[BlackElo "2543"]
[PlyCount "149"]
[EventDate "2006.09.15"]
[EventType "swiss (rapid)"]
[EventRounds "8"]
[EventCountry "GER"]
[SourceTitle "EXT 2010"]
[Source "ChessBase"]
[SourceDate "2010.11.25"]
[SourceVersion "1"]
[SourceVersionDate "2010.11.25"]
[SourceQuality "1"]

1. e4 e5 2. Nf3 Nc6 3. Bc4 Bc5 4. c3 Nf6 5. d3 d6 6. 0-0 0-0 7. Bb3 a6 8. Nbd2 Ba7 9. h3 Be6 10. Re1 Bxb3 11. Qxb3 Qd7 12. Nf1 h6 13. Be3 Bxe3 14. Nxe3 Rfe8 15. a4 Ne7 16. d4 exd4 17. cxd4 Nxe4 18. Qxb7 Nf6 19. Rac1 Rec8 20. b3 a5 21. Nd2 Rab8 22. Qa6 Nf5 23. Nxf5 Qxf5 24. Nc4 Ra8 25. Qc6 Qh5 26. Ne3 Kh8 27. Qc2 Rab8 28. Nf5 Nd5 29. Re4 Nb4 30. Qb1 Nd5 31. Rg4 g5 32. Qe4 Nf6 33. Qf3 Re8 34. Nxd6 Re6 35. Nc4 Nxg4 36. hxg4 Qg6 37. Ne5 Qf6 38. Qxf6+ Rxf6 39. Nd7 Rfb6 40. Nxb8 Rxb8 41. Rxc7 Rxb3 42. Rc5 Rb4 43. Rxa5 Rxd4 44. Ra8+ Kg7 45. f3 Kf6 46. a5 Ra4 47. a6 Ra3 48. a7 Ra2 49. Kf1 Kg7 50. Ke1 Kh7 51. Kd1 Kg7 52. Kc1 Ra1+ 53. Kb2 Ra6 54. Kc3 Kf6 55. Kd4 Ra4+ 56. Kc5 Ra1 57. Kb6 Rb1+ 58. Kc7 Rc1+ 59. Kd7 Rd1+ 60. Kc6 Rc1+ 61. Kb7 Rb1+ 62. Kc8 Rc1+ 63. Kd8 Ra1 64. Ke8 Re1+ 65. Kf8 Ra1 66. g3 Ra4 67. f4 Kg6 68. Kg8 Kf6 69. Rb8 Rxa7 70. Rb6+ Ke7 71. f5 Kd8 72. Rxh6 Ke7 73. Kg7 Ra8 74. Rb6 Ra7 75. f6+ 1-0